000 01037nam a22002177a 4500
005 20111221115955.0
010 _aB-444600 B-470496
020 _a9781603466929
_c50.00
035 _aB-444600 B-470496
037 _bBlue Berry/Ven
082 _a628.4458
245 _aLet's recycle
260 _bMacaw Books
_c2010
300 _a24p.
_bill.
_c20cm(pbk)
490 _aGo green
_952682
942 _2ddc
_cCH
_mLET
_h628.4458
999 _c59758
_d59758